000 00589cam a22002173a 4500
001 35276
003 PGUSA
005 20140828083747.0
008 110215s2011||||xxu|||||s|||||000 | eng d
040 _aPGUSA
_beng
042 _adc
100 1 _aDanks, Canon
245 1 0 _aCanterbury
_h[electronic resource] /
_cCanon Danks
260 _bProject Gutenberg,
_c2011
506 _aPublic domain in the USA.
516 _aElectronic text
700 1 _aHaslehust, E. W.,
_d1866-1949
830 0 _aProject Gutenberg
_v35276
856 4 0 _uhttp://www.gutenberg.org/ebooks/35276
942 _cEB
999 _c264531
_d264531